Taxation of Bills of Costs in the Superior Courts of South Africa / (Record no. 805)

MARC details
000 -LEADER
fixed length control field 00502nam a22001577a 4500
005 - DATE AND TIME OF INPUT
control field 20231120134743.0
008 - DATA ELEMENTS--GENERAL INFORMATION
fixed length control field 231120b |||||||| |||| 00| 0 eng d
041 ## - LANGUAGE CODE
Language code of text English
082 ## - SHELF NUMBER
DDC number 343.4 ROO
100 ## - MAIN AUTHOR
Main author's name Roos, FJ
Language of a work English
245 ## - TITLE STATEMENT
Title Taxation of Bills of Costs in the Superior Courts of South Africa /
Statement of responsibility, etc. FJ Roos
260 ## - PUBLICATION, DISTRIBUTION, ETC.
Place of publication, distribution, etc. Cape Town :
Name of publisher, distributor, etc. Juta and Company Ltd,
Date of publication, distribution, etc. 1947
300 ## - PHYSICAL DESCRIPTION
Other physical details 186 pages ;
Dimensions 25 cm.
650 ## - SUBJECT`
Broad subject Legal practice
Own subject terms Law
942 ## - ADDED ENTRY ELEMENTS (KOHA)
Item type Books
942 ## - ADDED ENTRY ELEMENTS (KOHA)
-- ALISON_BN_VRIES
Holdings
Source of classification or shelving scheme Not for loan Collection code Home library Current library Shelving location Date acquired Full call number Barcode Price effective from Koha item type
Dewey Decimal Classification   TEXT BOOKS LAW SOCIETY OF NAMIBIA LIBRARY - WINDHOEK LAW SOCIETY OF NAMIBIA LIBRARY - WINDHOEK Income tax reporter (tax) 11/20/2023 343.4 ROO LSN/1988/26 11/20/2023 Books